Elementary Engineering Mathematics (Record no. 1487)

MARC details
000 -LEADER
fixed length control field 00347nam a2200145Ia 4500
008 - FIXED-LENGTH DATA ELEMENTS--GENERAL INFORMATION
fixed length control field 191201s2005 xx 000 0 und d
082 ## - DEWEY DECIMAL CLASSIFICATION NUMBER
Classification number 510
Item number ELG
100 ## - MAIN ENTRY--PERSONAL NAME
Personal name GREWAL, B S
245 #0 - TITLE STATEMENT
Title Elementary Engineering Mathematics
250 ## - EDITION STATEMENT
Edition statement 11th
260 ## - PUBLICATION, DISTRIBUTION, ETC. (IMPRINT)
Place of publication, distribution, etc N.Delhi
Name of publisher, distributor, etc Khanna Publisher
Date of publication, distribution, etc 2005
300 ## - PHYSICAL DESCRIPTION
Extent 539
650 ## - SUBJECT ADDED ENTRY--TOPICAL TERM
Topical term or geographic name as entry element Applied
942 ## - ADDED ENTRY ELEMENTS (KOHA)
Source of classification or shelving scheme Dewey Decimal Classification
Koha item type Text Books
Holdings
Withdrawn status Lost status Source of classification or shelving scheme Damaged status Not for loan Collection code Home library Current library Date acquired Source of acquisition Cost, normal purchase price Bill Number Total Checkouts Full call number Acc. no. / Barcode Date last seen Bill Date Koha item type Checked out Date last borrowed
    Dewey Decimal Classification     Applied Sc. PIET C-LIBRARY PIET C-LIBRARY 16/03/2007 UBS, DELHI 160.00 125415   510 ELG 2476 04/12/2019 22/08/2005 Text Books    
    Dewey Decimal Classification     Applied Sc. PIET C-LIBRARY PIET C-LIBRARY 16/03/2007 UBS, DELHI 160.00 125415 1 510 ELG 2477 27/10/2020 22/08/2005 Text Books 10/11/2020 27/10/2020
    Dewey Decimal Classification     Applied Sc. PIET C-LIBRARY PIET C-LIBRARY 16/03/2007 UBS, DELHI 160.00 125415 12 510 ELG 2478 01/10/2024 22/08/2005 Text Books   18/09/2024
    Dewey Decimal Classification     Applied Sc. PIET C-LIBRARY PIET C-LIBRARY 16/03/2007 UBS, DELHI 160.00 125415 11 510 ELG 2479 04/12/2025 22/08/2005 Text Books   03/12/2025

Design & Developed by: PIET Central Library
R70 Miles Stone Pattikalyana Samalkha Panipat 132102
mail ID :- [email protected], Phone No:- 0180-2569700 Ex.216